Apocalypse 894 (Stupeflip) - Paroles - Statistiques

Statistiques générales
  • Ce quiz a été pris 102 fois
  • Le résultat moyen est 185 sur 402
Statistiques - réponses
Mots % Correct
le
97%
Le
97%
la
95%
Ça
92%
ça
92%
te
92%
comme
90%
à
88%
ce
86%
ces
85%
mon
85%
couscous
83%
de
83%
frousse,
83%
frousse
83%
que
83%
se
83%
to
83%
dans
81%
Dans
81%
fout
81%
Me
81%
me
81%
t'étouffe
81%
truc
81%
C'est
80%
c'est
80%
Quel
75%
Et
73%
et
73%
I
73%
pour
73%
secousse
73%
grosse
69%
au
68%
jamais
68%
Quelle
68%
MEDEF
66%
ma
64%
Ma
64%
aux
63%
brousse,
63%
mort
63%
sincère,
63%
rats
61%
faux-cul
59%
Ju
58%
les
58%
pourvu
56%
the
56%
The
56%
un
56%
born
54%
if
54%
just
54%
realize
54%
responsables
54%
thinking
54%
you
54%
another
53%
don't
53%
of
53%
vu
53%
way
53%
know
51%
toxique
51%
lose
49%
ta
49%
Tu
49%
tu
49%
Crou,
47%
Crou
47%
est
46%
koala
44%
va
44%
doux
42%
It's
42%
Reste
42%
41%
ou
41%
d'AZF
39%
soient
39%
ton
39%
zen,
39%
balance
37%
douces
37%
Paris
37%
qu'elles
37%
rend
37%
894
36%
des
36%
gin
36%
zona
36%
crier
34%
grave
34%
membres,
34%
T'es
34%
tes
34%
charivari,
32%
en
32%
façon
32%
parfois
32%
pas
32%
Stup
32%
t'attaque
32%
original
31%
tribunal
31%
je
29%
Mururoa,
29%
varie
29%
gang
27%
mais
27%
motards
27%
pompe
27%
tête,
27%
arrête
25%
du
25%
foutre
25%
magazine
25%
magie
25%
murmuras,
25%
ni
25%
Noire
25%
rester
25%
saura
25%
sera
25%
t'en
25%
drogue,
24%
l'écrire
24%
Zinédine
24%
chambre,
22%
quand
22%
tous
22%
assagi
20%
d'la
20%
j'ai
20%
j'te
20%
Materazzi
20%
arguments,
19%
crâne
19%
envoie
19%
Il
19%
Philippines
19%
Repense
19%
trop
19%
zonas
19%
bas,
17%
castagne
17%
l'zen
17%
Profil
17%
Rascar
17%
sur
17%
ze-na,
17%
bu
15%
esthétique
15%
j'suis
15%
J'suis
15%
jusqu'aux
15%
mac,
15%
nunchaka
15%
chocolat
14%
CIDJ
14%
entier
14%
fin
14%
fuck
14%
immonde,
14%
jours
14%
mystère
14%
nique
14%
rock
14%
shoote
14%
technique
14%
Amène
12%
baroque
12%
gabegie,
12%
grand
12%
J'irai
12%
meilleur
12%
monde
12%
peace
12%
pisser
12%
qui
12%
restera
12%
tombe,
12%
tonic
12%
Capac
10%
cons
10%
coqueluche
10%
gronde,
10%
lèchent,
10%
mec
10%
pote
10%
s'est
10%
très
10%
Y'a
10%
y'a
10%
colère
8%
cric
8%
croque
8%
deux
8%
fait
8%
hamac
8%
hématomes
8%
J'aime
8%
j'amènerai
8%
micro-ondes
8%
paluche
8%
rencard
8%
serrer
8%
toit
8%
4h
7%
cuire
7%
déboule
7%
ferai
7%
l'état
7%
peu
7%
rien
7%
zic
7%
ambalaba
5%
Blah,
5%
blah,
5%
déstresse
5%
d'temps,
5%
Époque
5%
l'hexagone
5%
rideaux
5%
serai
5%
toc,
5%
d'mal,
3%
nuque
3%
Soumets-toi,
3%
Stup-zic
3%
tchac,
3%
Accroche-toi
2%
paddy
2%
poum
2%
whack,
2%
Knick-knack
0%
(ouais)
0%
slack,
0%
Aucun quiz correspondant
Distribution des résultats
% des personnes avec chaque résultat
Percentile par nombre de réponses
Votre historique - résultats
Vous n’avez pas pris ce quiz